000
00273nam a2200121Ia 4500
008
190216s9999||||xx |||||||||||||| ||und||
100
_a
Madavan Kutty
245
0
_a
Panchendriyangal
260
_b
Poorna Pubs Kozhikode
300
_a
20
650
_a
Malayalam
942
_c
BK
999
_c
28725
_d
28725